Egyptian art Bill Manley

محفوظ في:

المؤلف الرئيسي: Manley,Bill author

التنسيق: كتاب

اللغة: Undetermined

منشور في: London 2017

الموضوعات:

الوسوم: إضافة وسم

لا توجد وسوم, كن أول من يضع وسما على هذه التسجيلة!

رقم الطلب: N5350.M28

LEADER 00511nam a2200157Ia 4500
008 230909s9999||||xx |||||||||||||| ||und||
050 4 |a N5350.M28 
100 1 |a Manley,Bill author  
245 1 0 |a Egyptian art Bill Manley 
264 1 |a London   |c 2017 
300 |a 320 p  |c 21cm 
504 |a Inciudes bibliographical references  
650 4 |a Art, Egyption  
942 |2 lcc  |c BK 
952 |0 0  |1 0  |2 lcc  |4 0  |6 N5350 M28  |7 1  |9 50024  |a ARCE  |b ARCE  |d 2023-09-09  |l 0  |o N5350.M28  |p 1004743  |r 2023-09-09 00:00:00  |w 2023-09-09  |y BK 
999 |c 54647  |d 54647